000 02369nam a22003017a 4500
003 NALT
005 20251125232750.0
008 s2538 th tha d
020 _a9745848603
040 _aNALT
041 _atha
050 _aDS 581
_bอ353ก 2538
100 0 _aอรรถจักร์ สัตยานุรักษ์.
_911640
245 1 0 _aการเปลี่ยนแปลงโลกทัศน์ของชนชั้นผู้นำไทยตั้งแต่รัชกาลที่ 4 พ.ศ. 2475 /
_cอรรถจักร์ สัตยานุรักษ์.
250 _aพิมพ์ครั้งที่ 1.
260 _aกรุงเทพฯ :
_bสำนักพิมพ์จุฬาลงกรณ์มหาวิทยาลัย,
_c2538.
300 _a347 หน้า ;
_b
_c21 ซม.
505 2 _aบทที่ 1 บทนำ -- บทที่ 2 การก่อตัวของสำนึกทางประวัติศาสตร์แบบใหม่ -- บทที่ 3 สำนึกทางประวัติศาสตร์กับการสถาปนารัฐสมบูรณาญาสิทธิราชย์ -- บทที่ 4 รัฐสมบูรณาญาสิทธิราชย์กับการเกิดสำนึกเชิงปัจเจกชน -- บทที่ 5 ความเปลี่ยนแปลงของสำนึกทางประวัติศาสตร์กับการเปลี่ยนแปลงระบอบการปกครอง พ.ศ. 2475 -- บทที่ 6 บทสรุป.
650 4 _aกษัตริย์และผู้ครองนคร
_zไทย
_948
650 4 _aชนชั้นสูง
_zไทย
_935829
650 4 _aการเปลี่ยนแปลงทางสังคม
_zไทย
_911641
651 4 _aไทย
_xประวัติศาสตร์
_yกรุงรัตนโกสินทร์
_yรัชกาลที่ 4, 2394-2411
_914141
850 _aNALT
856 4 0 _uhttps://hdl.handle.net/20.500.14156/443928
942 _cGB
_2lcc
996 _asaiphon.d
_bCATSTF
_c2024-04-02
999 _c3969
_d3969
998 _j1020
_k นางจำเรียง ระวังสำโรง